000 00504nam a2200181Ia 4500
005 20250508151350.0
008 008 250505s9999 xx 000 0 eng d
037 _aTextual
040 _aFEDL
_beng
_cFEDL
041 _aeng
_2eng
084 _a372, SHA
_qFEDL
100 _aSheehy Emma Dickson
_9758958
245 0 _aFives and sixes go to school
260 _aNew York, USA
_bHenry Holt and Company
_c1954
300 _ax,372p.
942 _cTEXL
_h372, SHA
999 _c1329297
_d1329297